000
00352nam a2200157Ia 4500
003
OSt
005
20240109144001.0
008
170524s9999 xx 000 0 und d
020
_a
9788126515684
040
_c
IIMT UNIVERSITY
100
_a
Saloner - Podlny T
100
_c
2011
245
0
_a
STRATEGIC MANAGEMENT
260
_a
WILEY
942
_2
ddc
_c
02
999
_c
2511
_d
2511